Fundamental fluid mechanics for the practicing engineer / (Record no. 3798)
[ view plain ]
| 000 -LEADER | |
|---|---|
| fixed length control field | 00920nac a22002171u 4500 |
| 010 ## - LIBRARY OF CONGRESS CONTROL NUMBER | |
| LC control number | 92039547 |
| 020 ## - INTERNATIONAL STANDARD BOOK NUMBER | |
| International Standard Book Number | 0824788087 (acid-free paper) |
| 082 00 - DEWEY DECIMAL CLASSIFICATION NUMBER | |
| Classification number | 620.106 |
| Item number | M9747 |
| 090 ## - LOCALLY ASSIGNED LC-TYPE CALL NUMBER (OCLC); LOCAL CALL NUMBER (OCLC) | |
| -- | 3798 |
| -- | 3798 |
| 100 ## - MAIN ENTRY--PERSONAL NAME | |
| Personal name | Murdock, James W. |
| 245 10 - TITLE STATEMENT | |
| Title | Fundamental fluid mechanics for the practicing engineer / |
| Statement of responsibility, etc | James W. Murdock. |
| 260 ## - PUBLICATION, DISTRIBUTION, ETC. (IMPRINT) | |
| Place of publication, distribution, etc | New York : |
| Name of publisher, distributor, etc | M. Dekker,1993 |
| Date of publication, distribution, etc | c1993. |
| 300 ## - PHYSICAL DESCRIPTION | |
| Extent | xvi, 416 p. : |
| Other physical details | ill. ; |
| Dimensions | 24 cm. |
| 490 1# - Series Statement | |
| Series statement | Mechanical engineering ; |
| Volume/sequential designation | 82 |
| 504 ## - BIBLIOGRAPHY, ETC. NOTE | |
| Bibliography, etc | Includes bibliographical references (p. 44) and index. |
| 650 #0 - SUBJECT ADDED ENTRY--TOPICAL TERM | |
| Topical term or geographic name as entry element | Fluid mechanics. |
| 830 #0 - SERIES ADDED ENTRY--UNIFORM TITLE | |
| Uniform title | Mechanical engineering (Marcel Dekker, Inc.) ; |
| 856 42 - ELECTRONIC LOCATION AND ACCESS | |
| Materials specified | Publisher description |
| Uniform Resource Identifier | <a href="http://www.loc.gov/catdir/enhancements/fy0647/92039547-d.html">http://www.loc.gov/catdir/enhancements/fy0647/92039547-d.html</a> |
| 942 ## - ADDED ENTRY ELEMENTS (KOHA) | |
| Item type | Book - Borrowing |
| Call number prefix | 620.106M9747 |
| Withdrawn status | Item status | Source of classification or shelving scheme | Damaged status | Not for loan | Home library | Current library | Shelving location | Date acquired | Source of acquisition | Total Checkouts | Full call number | Barcode | Date last seen | Date last borrowed | Koha item type |
|---|---|---|---|---|---|---|---|---|---|---|---|---|---|---|---|
| Dewey Decimal Classification | Central Library | Central Library | First floor | 04/07/2007 | Purchase | 1 | 620.106 MUR | 000030338 | 15/07/2025 | 26/02/2009 | Book - Borrowing |